Efektívna implementácia projektového controllingu v stavebnom podniku

Špecifiká a ciele projektového controllingu. Charakteristika podniku organizačne zameraného na projektové riadenie. Implementácia controllingu v podniku. Možnosti využitia outsourcingu v projektovo orientovanom podniku. Charakteristika plánovacieho procesu v projektovo orientovanom podniku. Problémy...

Description complète

Enregistré dans:
Détails bibliographiques
Auteur principal: Glatz, Mária
Autres auteurs: Ďurechová, Petra
Format: Chapitre de livre
Langue:slovaque
Sujets:
Tags: Ajouter un tag
Pas de tags, Soyez le premier à ajouter un tag!

MARC

LEADER 00000nla a2200000 4500
001 0214164
005 20240417075105.3
041 0 |a slo 
044 |a CZ 
245 1 0 |a Efektívna implementácia projektového controllingu v stavebnom podniku  |c Mária Glatz, Petra Ďurechová 
520 |a Špecifiká a ciele projektového controllingu. Charakteristika podniku organizačne zameraného na projektové riadenie. Implementácia controllingu v podniku. Možnosti využitia outsourcingu v projektovo orientovanom podniku. Charakteristika plánovacieho procesu v projektovo orientovanom podniku. Problémy pri praktickom využívaní projektového controllingu. 
610 2 0 |a kontroling operatívny 
610 2 0 |a podnik stavebný 
610 2 0 |a plánovanie 
610 2 0 |a projekty 
610 2 0 |a náklady 
100 1 |a Glatz, Mária 
700 1 |a Ďurechová, Petra